000
00259nam a22001217a 4500
008
180129b xxu||||| |||| 00| 0 eng d
041
_a
eng
080
_a
510
100
_a
38
101
_a
MAT
245
_a
Speer's Arithmetics
_c
Speer, W.W
942
_2
udc
_c
BK
999
_c
41168
_d
41168